000 00732nam a2200229Ia 4500
003 GCL
008 140319s9999 xx 000 0 ara d
040 _aGCL /
_cGCL
082 0 4 _a956.905
_bا ا
100 1 _aاحمد صدقى الدجانى
245 1 0 _aالانتفاضة الفلسطينية والصحوة العربية /
_cاحمد صدقى الدجانى
260 _a[S.N] :
_bدار المستقبل العربى
300 _a195 ص
490 _a
650 0 4 _aالعالم العربى
650 0 4 _aالنزاع العربى الاسرائيلى
650 0 4 _aفلسطين
650 0 4 _aاسرائيل
650 0 4 _aالقضية الفلسطينية
650 0 4 _aالانتفاضة
942 _2ddc
_cBK
999 _c29164
_d29164